| 000 | 01029cam a22002174a 4500 | ||
|---|---|---|---|
| 005 | 20250605164000.0 | ||
| 008 | 250528s ||||||||||||||||||||||||d | ||
| 035 | _a15586 | ||
| 020 | _a1575213478 | ||
| 040 |
_aGR-AtMCL _bgre _dGR-AtMCL _eAACR2 |
||
| 245 | 1 | _aTeach Yourself More Java in 21 Days | |
| 260 | _c1997 | ||
| 300 | _a490 | ||
| 520 | _aThis book explains some of the more advanced Java programming techniques. Overview, Foreword, Introduction, Maximizing the Delegation Event Model, Creating Custom Components, Foundation Classes and Java Frameworks, Introduction to JavaBeans, Using JavaBeans Effectively, Introduction to Database Programming with JDBC, Internationalization: Parlez Vous Java?, Object Serialization, Remote Method Invocation, Java and COBRA, Working with Java Archives, Creating Signed Java Objects, Things to Come in Java 1.2, Index. | ||
| 700 | 1 |
_aAblan Jerry _91542 |
|
| 700 | 1 |
_aMorrison Michael _91543 |
|
| 700 | 1 |
_aSams Net _91544 |
|
| 942 | _cBK | ||
| 999 |
_c1156 _d1156 |
||